Dizajner i artysta rzemieślnik
| Titel: | Dizajner i artysta rzemieślnik |
|---|---|
| Verfasser: | |
| In: |
Ziemia Prudnicka, Band 2 (2002), Seite 192-200, fot. 6 alle Artikel anzeigen |
| Veröffentlicht: | 2002 |
| Format: | Aufsatz |
| Sprache: | Polnisch |
X
alg: 39447628 001A $01999:12-11-16 001B $03025:25-04-24 $t11:06:35.000 001D $01999:12-11-16 001U $0utf8 001X $00 002@ $0Aox 003@ $039447628X 007A $039447628X $aHEB 007T $0Herdww021710 010@ $apol 011@ $a2002 021A $aDizajner i artysta rzemieślnik 027A $aDesigner und Gewerbekünstler 028A $aWeigt $dGrzegorz 031A $d2 $h192-200, fot. 6 $j2002 039B $aIn $8--Abvc--. Ziemia Prudnicka. - Prudnik : Spółka Wydawn. "Aneks", 2002-. - ISSN 1642-977X $x200200000020000808 $9112106501 045F $a929.094385 $eDDC23BSB 045F/01 $a929 045F/03 $g4385 045T $a7,41 046C $aDesigner und Gewerbekünstler $bÜbers. des Hauptsacht. lok: 39447628 78 exp: 39447628 78 1 #EPN 201B/01 $008-05-19 $t22:36:50.000 201U/01 $0utf8 203@/01 $079058669X 208@/01 $a12-11-16 $be 209A/01 $a/ $f000 $x00 220C/01 $aTitelaufnehmer: EV 220C/01 $aHerkunft: IH UWr 220C/01 $aAnmerkung: s. 192-200, fot. 6 244Z/01 $2Trx $#Silesia $#Śląsk $#Sliezsko $#Slezsko $8--Trx--Schlesien $x01 $9391173987 244Z/01 $#Neustadt Oberschlesien $75097021-5 $8--Tg1--Prudnik $x02 $9045092303 244Z/01 $aGeschichte 1877-1999 $x03 244Z/01 $2Trx $8--Trx--Cwynar, Zbigniew $x04 $9390662119 244Z/01 $2Trx $#biograafia kirjutamine $#biografistika $#biography writing $#életrajzírás $#biografistyka $#biografistika $#životopisectví $8--Trx--Biographistik $x05 $9391365029 244Z/01 $2Trx $#tarbekunst $#taikomasis menas $#Art, applied $#iparmüvészet $#sztuka użytkowa $#umenie užitkové $#umění užité $#Design $8--Trx--Kunst, angewandte $x06 $9391374508 244Z/01 $2Trx $8--Trx--Zeitschriftenaufsatz $x07 $9391384341 245Z/01 $a12.03 $x01 247C/01 $82080>Marburg/Lahn, Herder-Institut, Forschungsbibliothek, Bibliographieportal $9336309341
| LEADER | 00000caa a22000002c 4500 | ||
|---|---|---|---|
| 001 | 39447628X | ||
| 003 | DE-603 | ||
| 005 | 20240425110635.0 | ||
| 007 | tu | ||
| 008 | 161112s2002 xx |||| | u00||u|pol c | ||
| 035 | |a (DE-599)HEB39447628X | ||
| 040 | |a DE-603 |b ger |c DE-603 |d DE-603 | ||
| 041 | |a pol | ||
| 082 | 0 | 4 | |8 1\u |a 929.094385 |q DE-101 |2 23/BSB |
| 084 | |a 7,41 |2 ssgn | ||
| 085 | |8 1\u |b 929 | ||
| 085 | |8 1\u |z 2 |s 4385 | ||
| 100 | 1 | |a Weigt, Grzegorz | |
| 245 | 0 | 0 | |a Dizajner i artysta rzemieślnik |
| 246 | 1 | |i Übers. des Hauptsacht. |a Designer und Gewerbekünstler | |
| 246 | 1 | 3 | |a Designer und Gewerbekünstler |
| 264 | 0 | |c 2002 | |
| 773 | 0 | 8 | |i In |t Ziemia Prudnicka |d Prudnik : Spółka Wydawn. "Aneks", 2002- |x 1642-977X |g Band 2 (2002), Seite 192-200, fot. 6 |w (DE-603)112106501 |w (DE-600)2111590-4 |
| 924 | 0 | |9 2080 |a (DE-603)79058669X |b DE-2080 |c HES |d d |g / | |


